Entrada Nombre geográfico
Número de registros utilizados en: 1
001 - NÚMERO DE CONTROL
003 - IDENTIFICADOR DEL NÚMERO DE CONTROL
- campo de control:
DR-UNIBE
005 - FECHA Y HORA DE LA ÚLTIMA TRANSACCIÓN
- campo de control:
20250527101221.0
008 - DATOS DE LONGITUD FIJA
- campo de control de longitud fija:
250527|| aca||aabn | a|a d
040 ## - FUENTE DE LA CATALOGACIÓN
- Centro catalogador/agencia de origen:
DR-UNIBE
- Centro/agencia transcriptor:
DR-UNIBE
151 ## - ENCABEZAMIENTO--NOMBRE GEOGRÁFICO
- Nombre geográfico:
República Dominicana
- Subdivisión general:
Historia
- Subdivisión cronológica:
1844-1824
670 ## - FUENTE DE DATOS ENCONTRADOS
- Cita de la fuente:
Work cat.: (DR-UNIBE)113687: Welles, Sumner, 1892 - 1961 ( Welles ,Benjamin Sumner) 124530 autor, La viña de Naboth = (Naboth's vineyard) la República Dominicana 1844-1924 / , 1987